000 00337nam a22001217a 4500
999 _c3016
_d3016
005 20200925144831.0
008 200925b ||||| |||| 00| 0 eng d
020 _a04359096x
040 _cCML
245 _aPoems from East Africa.
_cCook, D., & Rubadiri, D.
260 _aLondon
_bHeinemann Educational Books
_c1971
942 _2ddc
_cBK
_kF
_mCOO